Non-Domestic Rating Contributions (Wales) (Amendment) Regulations 2003 (Record no. 103306)

MARC details
000 -LEADER
fixed length control field 01054cam a2200217 4500
008 - FIXED-LENGTH DATA ELEMENTS--GENERAL INFORMATION
fixed length control field 040122n2003 000 0 eng u
020 ## - INTERNATIONAL STANDARD BOOK NUMBER
International Standard Book Number 0110908368
035 ## - SYSTEM CONTROL NUMBER
System control number (Sirsi) u124891
041 ## - LANGUAGE CODE
Language code of text/sound track or separate title eng
245 ## - TITLE STATEMENT
Title Non-Domestic Rating Contributions (Wales) (Amendment) Regulations 2003
260 ## - PUBLICATION, DISTRIBUTION, ETC.
Place of publication, distribution, etc. London
Name of publisher, distributor, etc. HMSO
Date of publication, distribution, etc. 2003
490 ## - SERIES STATEMENT
Series statement SI
Volume/sequential designation 2003: 3211
520 ## - SUMMARY, ETC.
Summary, etc. Came into force 31 December 2003. Amend the Non-Domestic Rating Contributions (Wales) Regulations 1992 by substituting a new multiplier in Sched 2 para 2(12) (assumptions as to gross amount) and a new Sched 4 (adult population figures). View at www.legislation.hmso.gov.uk/legislation/wales/.
650 ## - SUBJECT ADDED ENTRY--TOPICAL TERM
Topical term or geographic name entry element NON-DOMESTIC RATING CONTRIBUTIONS (WALES) (AMENDMENT) REGULATIONS 2003
650 ## - SUBJECT ADDED ENTRY--TOPICAL TERM
Topical term or geographic name entry element NON-DOMESTIC RATING CONTRIBUTIONS
650 ## - SUBJECT ADDED ENTRY--TOPICAL TERM
Topical term or geographic name entry element NON-DOMESTIC RATING MULTIPLIER
650 ## - SUBJECT ADDED ENTRY--TOPICAL TERM
Topical term or geographic name entry element WALES
690 ## - LOCAL SUBJECT ADDED ENTRY--TOPICAL TERM (OCLC, RLIN)
Topical term or geographic name as entry element RATING AND LOCAL TAXATION
856 ## - ELECTRONIC LOCATION AND ACCESS
Uniform Resource Identifier <a href="https://www.legislation.hmso.gov.uk/legislation/wales/wsi2003/20033211e.htm">https://www.legislation.hmso.gov.uk/legislation/wales/wsi2003/20033211e.htm</a>
Public note View the Regulations on the HMSO website...
942 ## - ADDED ENTRY ELEMENTS (KOHA)
Suppress in OPAC 0
Holdings
Withdrawn status Lost status Source of classification or shelving scheme Damaged status Not for loan Home library Current library Shelving location Date acquired Total Checkouts Full call number Barcode Date last seen Copy number Price effective from Koha item type
    Dewey Decimal Classification     Virtual Virtual Online 22/01/2004   ONLINE PUBLICATION 124891-2001 06/08/2019 1 06/08/2019 Book